| 000 | 01543nam0a22003491 4500 | ||
|---|---|---|---|
| 001 | v19\rc\1987467 | ||
| 005 | 20260406004210.0 | ||
| 035 | _a(NLR Aleph) 005083784 | ||
| 090 |
_a7224531 _c7224531 |
||
| 100 | _a20251123 rusy50 | ||
| 101 | 0 | _arus | |
| 102 | _aRU | ||
| 105 | _ay z ||||| | ||
| 200 | 1 |
_aИз дневника А.И. Стронина _e(К истории Арханг. ссылки) _fАн. Попов |
|
| 210 |
_aАрхангельск _cГуб. тип. _d1915 |
||
| 215 |
_a17 с. _d25 |
||
| 311 | _aПерепеч. из №№ 2 и 3 "Изв. Арханг. О-ва Изуч. Рус. Севера" 1915 г. | ||
| 488 | 0 |
_12001#$aИзвестия Архангельского общества изучения Русского Севера$v1915, № 2, 3 _tИзвестия Архангельского общества изучения Русского Севера |
|
| 532 | 1 | 0 | _aИз дневника Александра Ивановича Стронина |
| 700 | 1 |
_7ca _8rus _aПопов _bА. Н. _cисторик, краевед _f1890-1937 _gАндрей Николаевич _996646 _3RU\NLR\AUTH\77113721 |
|
| 702 | 1 |
_aСтронин _bА.И. _f1826-1889 _gАлександр Иванович _4570 |
|
| 801 | 0 |
_aRU _bNLR _gpsbo |
|
| 801 | 0 |
_aRU _bRuMoRGB _2psbo |
|
| 801 | 1 |
_aRU _bProSoft-M _2rusmarc |
|
| 852 |
_aNLR _j37.57.4.162 |
||
| 899 |
_aRuMoRGB _jV 84/260 |
||
| 899 |
_aRuMoRGB _jO 54/572 |
||
| 899 |
_aRuMoRGB _jU 177/1433 |
||
| 899 | _aБАН | ||
| 942 | _cBOOK | ||
| 980 | _aNB | ||